000 00662nam a22002297a 4500
005 20170124110152.0
010 _a909702
020 _c40.00
035 _a909702
037 _bCen Lib/Ret
040 _aDPL
_bEN
082 _a192
_bJHA
100 _aJha, Anirudha
_934248
245 _aSocial philosophy of Bertrand Russell /
_cby Anirudha Jha
260 _a Delhi
_bAjanta publications
_c1978
270 _b Delhi
_e110007
300 _avii,164p.
_c20cm(Hb)
500 _aIncludes bibliographical references and index
650 _aPhilosophy
_934249
650 _aEducational philosophy
_934250
942 _2ddc
_cEN
_h192
_mJHA
999 _c132296
_d132296